triplé le plus rapide en Champions League - Statistiques

Statistiques générales
  • Ce quiz a été pris 88 fois
  • Le résultat moyen est 4 sur 9
Statistiques - réponses
Temps : Joueur : % Correct
11 min 15 s Ronaldo
99%
9 min Lewandowski
78%
12 min Lewandowski
78%
12 min Lewandowski
78%
6 min Salah
19%
12 min Adriano
5%
8 min Gomis
4%
11 min 13 s Sterling
3%
9 min Newell
0%
Aucun quiz correspondant
Distribution des résultats
% des personnes avec chaque résultat
Percentile par nombre de réponses
Votre historique - résultats
Vous n’avez pas pris ce quiz